000 00321nam a2200157Ia 4500
100 _aBaker/Ann
250 _a2
942 _cBK
366 _f20
245 _aTree or three:Pronunciation course
260 _bCambridge
_c2006
082 _a372.6
_bBAK
300 _a129
546 _aENGLISH
_cComputers
999 _c24886
_d24886